LEADER 02085oem 2200565 450 001 9910712983603321 005 20200224151158.0 035 $a(CKB)5470000002498354 035 $a(OCoLC)966640347 035 $a(EXLCZ)995470000002498354 100 $a20161221d1999 ua 101 0 $aeng 120 $ab|||||||||||| 121 $a||||||||| 124 $bd 135 $aurcn||||||||| 181 $ccri$2rdacontent 182 $cc$2rdamedia 183 $acr$2rdacarrier 200 10$aBathymetric survey and physical and chemical-related properties of Smithport Lake, Louisiana, July 1997 /$fby Paul A. Ensminger 210 1$a[Reston, Va.] :$cU.S. Department of the Interior, U.S. Geological Survey,$d1999. 210 2$aDenver, Colorado :$cU.S. Geological Survey, Information Services. 215 $a1 online resource (1 map) $ccolor 225 1 $aWater-resources investigations report ;$v99-4254 300 $aDepth shown by isolines. 300 $aIncludes text, 6 graphs, and index map. 300 $a"Prepared in cooperation with the Louisiana Department of Transportation and Development, Public Works and Water Resources Division, Water Resources Section." 320 $aIncludes bibliographical references. 606 $aReservoirs$zLouisiana$zDe Soto Parish$vMaps 606 $aWater quality$zLouisiana$zDe Soto Parish$vMaps 606 $aReservoirs$2fast 606 $aWater quality$2fast 607 $aLouisiana$zDe Soto Parish$2fast 608 $aMaps.$2fast 608 $aMaps.$2lcgft 615 0$aReservoirs 615 0$aWater quality 615 7$aReservoirs. 615 7$aWater quality. 702 $aEnsminger$b Paul A. 712 02$aLouisiana.$bDepartment of Transportation and Development.$bWater Resources Section. 801 0$bCOP 801 1$bCOP 801 2$bOCLCO 801 2$bOCLCF 801 2$bGPO 906 $aBOOK 912 $a9910712983603321 996 $aBathymetric survey and physical and chemical-related properties of Smithport Lake, Louisiana, July 1997$93338279 997 $aUNINA